[Event "65.ITA C.to Provinciale PD"]
[Site "Monselice ITA"]
[Date "2005.01.09"]
[Round "3.6"]
[White "Rosina, Graziano"]
[Black "Calicchia, Giovanni"]
[Result "0-1"]
[WhiteElo "1966"]
[BlackElo "1811"]
[Annotator "Gabriele Ballarin"]
[PlyCount "46"]
[EventDate "2005.01.08"]
[EventType "swiss"]
[EventRounds "6"]
[EventCountry "ITA"]

1. e4 c5 2. Nf3 Nc6 3. d4 cxd4 4. Nxd4 Qc7 5. Nc3 e6 6. Be2 Bb4 7. Qd3 a6 8. Bd2 Nf6 9. O-O O-O 10. f4 Nxd4 11. Qxd4 Bc5 12. Qxc5 Qxc5+ 13. Kh1 b5 14. e5 Nd5 15. Bf3 Bb7 16. Rac1 Bc6 17. Ne4 Qa7 18. Nd6 f6 19. h4 fxe5 20. fxe5 Qd4 21. Bxd5 Qxh4+ 22. Kg1 Qd4+ 23. Kh1 Qxd5 0-1

[Event "65.ITA C.to Provinciale PD"]
[Site "Monselice ITA"]
[Date "2005.01.09"]
[Round "3.12"]
[White "Brugnaro, Luca"]
[Black "Meggiorin, Orlando"]
[Result "1-0"]
[WhiteElo "1371"]
[BlackElo "1586"]
[Annotator "Gabriele Ballarin"]
[PlyCount "73"]
[EventDate "2005.01.08"]
[EventType "swiss"]
[EventRounds "6"]
[EventCountry "ITA"]

1. c4 g6 2. Nc3 Bg7 3. g3 Nf6 4. e4 d6 5. Bg2 c6 6. d3 Bg4 7. f3 Bc8 8. Nge2 Nbd7 9. b4 Qb6 10. Rb1 O-O 11. Na4 Qc7 12. Be3 a5 13. b5 c5 14. O-O e5 15. Nec3 b6 16. Ne2 Rb8 17. Nac3 Re8 18. a4 Nf8 19. f4 Bg4 20. Qe1 Bxe2 21. Qxe2 exf4 22. Bxf4 Ne6 23. Be3 h5 24. h3 Qd8 25. Rf2 Nd7 26. Nd5 Bd4 27. Rbf1 Bxe3 28. Qxe3 Rf8 29. Nf6+ Nxf6 30. Rxf6 Qe7 31. g4 hxg4 32. hxg4 Kg7 33. e5 dxe5 34. Qxe5 Rbd8 35. Rxe6+ f6 36. Rxe7+ Kg8 37. Rxf6 1-0

[Event "65.ITA C.to Provinciale PD"]
[Site "Monselice ITA"]
[Date "2005.01.15"]
[Round "4.11"]
[White "Meggiorin, Orlando"]
[Black "Rosina, Graziano"]
[Result "1/2-1/2"]
[WhiteElo "1586"]
[BlackElo "1966"]
[Annotator "Gabriele Ballarin"]
[PlyCount "122"]
[EventDate "2005.01.08"]
[EventType "swiss"]
[EventRounds "6"]
[EventCountry "ITA"]

1. e4 c5 2. Nf3 d6 3. c3 Nf6 4. d3 Nc6 5. h3 h6 6. Be3 e6 7. Nbd2 Be7 8. Be2 O-O 9. O-O a6 10. Rc1 b5 11. d4 c4 12. Nh2 Re8 13. b3 d5 14. e5 Nh7 15. f4 a5 16. Rf3 Bh4 17. g3 Be7 18. Qf1 f5 19. Qg2 g5 20. g4 Kh8 21. Rg3 Rg8 22. bxc4 bxc4 23. Bxc4 gxf4 24. Bxf4 Bh4 25. Re3 Bg5 26. Bxg5 Qxg5 27. Re2 fxg4 28. hxg4 h5 29. Bxd5 exd5 30. Qxd5 Bb7 31. Rf1 hxg4 32. Ne4 Qe7 33. e6 Nd8 34. Qe5+ Qg7 35. Nf6 Bf3 36. Nxg8 Bxe2 37. Qxg7+ Kxg7 38. Re1 Kxg8 39. Rxe2 Nf6 40. c4 Nb7 41. d5 Kf8 42. Rb2 Ra7 43. Kg2 Ke7 44. Kg3 Nd6 45. Rc2 Rc7 46. c5 Nde4+ 47. Kf4 Nxc5 48. Rd2 Kd6 49. Nxg4 Nxg4 50. Kxg4 Ne4 51. Rb2 Nf6+ 52. Kf5 Nxd5 53. Rb5 a4 54. Ra5 Rc5 55. Ra6+ Ke7 56. Ke4 Nc3+ 57. Kd4 Rc7 58. Ke5 Nxa2 59. Rxa4 Nc3 60. Ra1 Nb5 61. Kd5 Rc2 1/2-1/2

[Event "65.ITA C.to Provinciale PD"]
[Site "Monselice ITA"]
[Date "2005.01.15"]
[Round "4.12"]
[White "Baldi, Giancarlo"]
[Black "Brugnaro, Luca"]
[Result "1-0"]
[WhiteElo "1760"]
[BlackElo "1371"]
[Annotator "Gabriele Ballarin"]
[PlyCount "75"]
[EventDate "2005.01.08"]
[EventType "swiss"]
[EventRounds "6"]
[EventCountry "ITA"]

1. Nf3 d6 2. d4 Nf6 3. e3 g6 4. Bd3 Bg7 5. b3 O-O 6. Bb2 Nbd7 7. Nbd2 Re8 8. c4 e5 9. dxe5 Nxe5 10. Bc2 c6 11. Nxe5 dxe5 12. e4 Ng4 13. Qe2 Nh6 14. O-O-O Bg4 15. f3 Bd7 16. g4 Qg5 17. h4 Qf4 18. Rdg1 Kh8 19. g5 Ng8 20. h5 Rad8 21. Kb1 Bg4 22. Bc1 Bxh5 23. Qf2 f5 24. Rh4 Bg4 25. Rgh1 h5 26. gxh6 Bxh6 27. Qg2 g5 28. R4h2 Re6 29. fxg4 fxg4 30. Nf1 Qf3 31. Ng3 Qxg2 32. Rxg2 Kg7 33. Nf5+ Kg6 34. Rxg4 Rd7 35. Nxh6 Nxh6 36. Rxg5+ Kh7 37. Rgh5 Rdd6 38. c5 1-0

[Event "65.ITA C.to Provinciale PD"]
[Site "Monselice ITA"]
[Date "2005.01.16"]
[Round "5.9"]
[White "Rosina, Graziano"]
[Black "Baldi, Giancarlo"]
[Result "0-1"]
[WhiteElo "1966"]
[BlackElo "1760"]
[Annotator "Gabriele Ballarin"]
[PlyCount "108"]
[EventDate "2005.01.08"]
[EventType "swiss"]
[EventRounds "6"]
[EventCountry "ITA"]

1. e4 e5 2. Nf3 Nc6 3. Bc4 Bc5 4. c3 Nf6 5. d4 exd4 6. cxd4 Bb6 7. e5 Ne4 8. O-O O-O 9. Re1 d5 10. Bb3 Bg4 11. Be3 Na5 12. h3 Bxf3 13. Qxf3 Nxb3 14. axb3 c6 15. Nc3 Ng5 16. Qg3 Ne6 17. Ne2 Qe7 18. Red1 f6 19. f4 Nd8 20. Kh1 Nf7 21. Rf1 Nh6 22. f5 Nf7 23. e6 Ng5 24. Bxg5 fxg5 25. Rf3 Bc7 26. Qg4 a6 27. g3 Rac8 28. Kg2 Bd8 29. Rh1 Qe8 30. h4 h5 31. f6 hxg4 32. f7+ Kh7 33. fxe8=Q Rxe8 34. Re3 gxh4 35. gxh4 Bc7 36. Rf1 Re7 37. Rf7 Rce8 38. Rxe7 Rxe7 39. Ng3 Bxg3 40. Kxg3 a5 41. Kxg4 Kg6 42. h5+ Kf6 43. Kf4 Rxe6 44. Rxe6+ Kxe6 45. Kg5 Kf7 46. Kf5 b6 47. Ke5 Ke7 48. Kf5 c5 49. Kg6 cxd4 50. Kxg7 d3 51. h6 d2 52. h7 d1=Q 53. h8=Q Qg1+ 54. Kh6 Qh1+ 0-1

[Event "65.ITA C.to Provinciale PD"]
[Site "Monselice ITA"]
[Date "2005.01.16"]
[Round "5.11"]
[White "Belloni, Umberto"]
[Black "Brugnaro, Luca"]
[Result "1-0"]
[WhiteElo "1950"]
[BlackElo "1371"]
[Annotator "Gabriele Ballarin"]
[PlyCount "65"]
[EventDate "2005.01.08"]
[EventType "swiss"]
[EventRounds "6"]
[EventCountry "ITA"]

1. e4 e5 2. Nf3 Nc6 3. Bb5 a6 4. Ba4 Nf6 5. O-O Bc5 6. d3 d6 7. h3 h6 8. c3 b5 9. Bc2 Be6 10. Be3 Qe7 11. d4 Bb6 12. d5 Bxh3 13. gxh3 Na5 14. Nbd2 Bxe3 15. fxe3 g5 16. Nh2 h5 17. Qe1 g4 18. h4 O-O-O 19. Qg3 Rhg8 20. b3 Rdf8 21. Rf2 Ne8 22. b4 Nb7 23. a4 Kb8 24. axb5 axb5 25. Bd3 Qd7 26. Ra6 Ng7 27. Nb3 f5 28. Rfa2 c6 29. dxc6 f4 30. cxd7 fxg3 31. Nf1 Rf6 32. Ra8+ Kc7 33. Rxg8 1-0

[Event "65.ITA C.to Provinciale PD"]
[Site "Monselice ITA"]
[Date "2005.01.16"]
[Round "6.12"]
[White "Brugnaro, Luca"]
[Black "Rosina, Graziano"]
[Result "0-1"]
[WhiteElo "1371"]
[BlackElo "1966"]
[Annotator "Gabriele Ballarin"]
[PlyCount "66"]
[EventDate "2005.01.08"]
[EventType "swiss"]
[EventRounds "6"]
[EventCountry "ITA"]

1. c4 e5 2. d3 Bc5 3. e3 Nc6 4. Nc3 a6 5. a3 Nf6 6. h3 d5 7. b4 Ba7 8. Nge2 d4 9. Na4 O-O 10. e4 b5 11. Nb2 bxc4 12. Nxc4 Be6 13. f4 Bxc4 14. Qc2 Bb5 15. f5 Nh5 16. h4 Nf6 17. Bg5 h6 18. Bxf6 Qxf6 19. g4 g6 20. O-O-O a5 21. Qd2 g5 22. Ng3 gxh4 23. Nh5 Qg5 24. f6 axb4 25. Kb2 bxa3+ 26. Ka2 Bc5 27. Rxh4 Nb4+ 28. Ka1 Kh7 29. Qxg5 hxg5 30. Rh3 Kg6 31. Rf3 Nc2+ 32. Ka2 Ba4 33. Rd2 Rab8 0-1

[Event "64. Camp. Italiano"]
[Site "Montecatini Terme ITA"]
[Date "2005.02.03"]
[Round "6"]
[White "Rossi, Carlo"]
[Black "Sabia, Corrado"]
[Result "1-0"]
[WhiteElo "2367"]
[BlackElo "2173"]
[Annotator "Gabriele Ballarin"]
[PlyCount "63"]
[EventDate "2005.01.29"]
[EventType "tourn"]
[EventRounds "13"]
[EventCountry "ITA"]
[EventCategory "20"]
[SourceTitle "The Week in Chess 535"]
[Source "Mark Crowther"]
[SourceDate "2005.02.07"]
[SourceVersion "2"]
[SourceVersionDate "2005.02.07"]
[SourceQuality "2"]

1. c4 c6 2. Qa4 e5 3. Nc3 Nf6 4. d3 Be7 5. Nf3 d6 6. g3 O-O 7. Bg2 Re8 8. O-O Bf8 9. b4 Nbd7 10. Bg5 h6 11. Bxf6 Nxf6 12. b5 Bd7 13. Nd2 d5 14. bxc6 Bxc6 15. Qb3 dxc4 16. Nxc4 Bxg2 17. Kxg2 e4 18. dxe4 Nxe4 19. Rad1 Qc8 20. Nd5 Rb8 21. h4 b5 22. Nce3 Qb7 23. Kg1 Bc5 24. Nf5 Re5 25. g4 g6 26. Ng3 Qc6 27. Qf3 f5 28. gxf5 gxf5 29. Nxe4 Kh8 30. Nef6 Rb7 31. Kh1 Rf7 32. Rg1 1-0

[Event "65..ITA Provinciale VE"]
[Site "Venezia Canal ITA"]
[Date "2005.02.05"]
[Round "1"]
[White "De Col, Daniele"]
[Black "You, Zi Chih Stefano"]
[Result "0-1"]
[WhiteElo "1436"]
[BlackElo "1646"]
[Annotator "Gabriele Ballarin"]
[PlyCount "68"]
[EventDate "2005.02.07"]
[EventType "swiss"]
[EventRounds "6"]
[EventCountry "ITA"]

1. Nf3 d5 2. d4 Nf6 3. g3 Bf5 4. Bg2 e6 5. O-O c5 6. c3 Bd6 7. Bg5 O-O 8. Nbd2 h6 9. Bxf6 Qxf6 10. Nh4 Bh7 11. dxc5 Bxc5 12. Qb3 Qe7 13. e4 dxe4 14. Nxe4 Bb6 15. Nd2 Nc6 16. Nc4 Bc5 17. Nf3 Rab8 18. Nfe5 Nxe5 19. Nxe5 Qc7 20. Rfe1 Rfd8 21. Rad1 Rxd1 22. Qxd1 Rd8 23. Qe2 Qb6 24. b4 Bd6 25. Nc4 Qc7 26. Rd1 Be7 27. a4 Rxd1+ 28. Qxd1 Qxc4 29. Qd7 Bf8 30. Qd2 Be4 31. Bf1 Qc6 32. b5 Qd5 33. Qe1 Bc2 34. c4 Qd1 0-1

[Event "65..ITA Provinciale VE"]
[Site "Venezia Canal ITA"]
[Date "2005.02.05"]
[Round "1"]
[White "Franco, Leopoldo"]
[Black "Lorenzini, Adriano"]
[Result "0-1"]
[WhiteElo "1480"]
[BlackElo "1895"]
[Annotator "Gabriele Ballarin"]
[PlyCount "58"]
[EventDate "2005.02.07"]
[EventType "swiss"]
[EventRounds "6"]
[EventCountry "ITA"]

1. d4 Nf6 2. c4 c6 3. e3 d5 4. b3 Bf5 5. Nc3 e6 6. Bd3 Bb4 7. Bb2 Ne4 8. Nge2 Nd7 9. O-O Ndf6 10. f3 Nxc3 11. Nxc3 O-O 12. e4 Bxc3 13. Bxc3 dxe4 14. fxe4 Nxe4 15. Bxe4 Bxe4 16. Rf4 Bg6 17. Qf3 Qd6 18. Re1 Rfe8 19. g4 Rad8 20. h4 f6 21. Qf2 e5 22. c5 Qd5 23. Rf3 exd4 24. Rxe8+ Bxe8 25. Bd2 Bg6 26. g5 Be4 27. Rg3 f5 28. g6 h6 29. Qf4 Qxc5 0-1

[Event "65..ITA Provinciale VE"]
[Site "Venezia Canal ITA"]
[Date "2005.02.05"]
[Round "1"]
[White "Omeri, Silvan"]
[Black "Marson, Luca"]
[Result "1-0"]
[WhiteElo "1600"]
[BlackElo "1987"]
[Annotator "Gabriele Ballarin"]
[PlyCount "65"]
[EventDate "2005.02.07"]
[EventType "swiss"]
[EventRounds "6"]
[EventCountry "ITA"]

1. e4 c5 2. Nf3 Nc6 3. d4 cxd4 4. Nxd4 Nf6 5. Nc3 e5 6. Ndb5 d6 7. Bg5 a6 8. Na3 b5 9. Bxf6 gxf6 10. Nd5 f5 11. exf5 Bxf5 12. Qf3 Nd4 13. Nf6+ Ke7 14. Nd5+ Kd7 15. Nb6+ Qxb6 16. Qxa8 Bg7 17. Qd5 Be6 18. Qe4 f5 19. Qd3 e4 20. Qd2 Rc8 21. c3 Nc6 22. Rd1 Ne5 23. Nc2 Ng4 24. Nd4 Bh6 25. Qc2 e3 26. f3 e2 27. fxg4 exd1=Q+ 28. Kxd1 Rf8 29. gxf5 Bf7 30. Be2 Qd8 31. Ne6 Bxe6 32. fxe6+ Kc7 33. Qxh7+ 1-0

[Event "65..ITA Provinciale VE"]
[Site "Venezia Canal ITA"]
[Date "2005.02.05"]
[Round "1"]
[White "Pavon, Michele"]
[Black "Vidal, Irene"]
[Result "1-0"]
[WhiteElo "1739"]
[BlackElo "1440"]
[Annotator "Gabriele Ballarin"]
[PlyCount "95"]
[EventDate "2005.02.07"]
[EventType "swiss"]
[EventRounds "6"]
[EventCountry "ITA"]

1. e4 e5 2. Nc3 Nf6 3. Nf3 Nc6 4. d4 exd4 5. Nxd4 Bb4 6. Nxc6 bxc6 7. Bd3 d5 8. exd5 cxd5 9. O-O O-O 10. Bg5 Bxc3 11. bxc3 Qd6 12. Bxf6 Qxf6 13. Qh5 g6 14. Qxd5 Be6 15. Qc5 Qf4 16. Rfe1 Qd6 17. Qxd6 cxd6 18. Re4 Rac8 19. Ra4 Rc7 20. g3 Rb8 21. Rb4 Rcb7 22. a3 Bd5 23. Rab1 Rxb4 24. cxb4 Rc8 25. Kf1 Rc3 26. Ra1 Bc4 27. Bxc4 Rxc4 28. Ra2 Rc3 29. b5 d5 30. a4 Kf8 31. a5 Rc8 32. b6 a6 33. Ke2 Ke7 34. Kd3 Kd6 35. b7 Rb8 36. Rb2 Kc7 37. Kd4 Rxb7 38. Rxb7+ Kxb7 39. Kxd5 Kc7 40. Kc5 f5 41. c4 h6 42. h4 g5 43. hxg5 hxg5 44. f4 gxf4 45. gxf4 Kd7 46. Kb6 Kd6 47. c5+ Kd7 48. Kb7 1-0

[Event "65..ITA Provinciale VE"]
[Site "Venezia Canal ITA"]
[Date "2005.02.05"]
[Round "1"]
[White "Rosino, Antonio"]
[Black "Borghi, Bruno"]
[Result "1-0"]
[WhiteElo "2285"]
[BlackElo "1628"]
[Annotator "Antonio Rosino"]
[PlyCount "95"]
[EventDate "2005.02.07"]
[EventType "swiss"]
[EventRounds "6"]
[EventCountry "ITA"]

1. c4 e5 2. Nc3 Nf6 3. g3 d5 4. cxd5 Nxd5 5. Bg2 Nxc3 $6 6. bxc3 Bc5 7. Rb1 Nc6 8. Rb5 Bb6 $2 (8... Bd6) 9. Bxc6+ bxc6 10. Rxe5+ Be6 11. Ba3 Qf6 12. Nf3 O-O-O 13. O-O Rhe8 14. d4 Bc4 $2 (14... Bxa2 $142) 15. Rxe8 Rxe8 16. Ne5 Bxa2 17. e3 (17. Qa4) 17... Bd5 $6 (17... Qe6) 18. c4 Be4 (18... Be6 19. c5 Ba5 20. Nxc6) 19. f3 Bf5 (19... Rxe5 20. dxe5 Qg5 (20... Bxe3+ 21. Kg2 Qxe5 22. fxe4 Qxe4+ 23. Qf3) 21. f4 Qf5 22. c5 Qh3 23. Rf2 Ba5 24. Qd4) 20. c5 Bh3 (20... Ba5 21. e4 Bg6 22. Qa4 Bc3 23. Nxc6) 21. cxb6 Bxf1 22. bxa7 Kb7 23. Qxf1 Kxa7 24. Bc5+ Kb7 25. Qb1+ Kc8 26. Qa1 (26. f4 $5) 26... Rxe5 27. dxe5 Qxf3 28. e6 fxe6 29. Qa6+ Kd7 30. Qf1 Qh5 31. Qd3+ Qd5 (31... Ke8 32. Bd4) 32. Qd4 Ke8 33. e4 (33. Qxd5 cxd5 34. Bd4 g6 35. Kf2 Ke7 36. Kf3 Kd6 37. Kf4 c5 38. Bb2) 33... Qg5 34. Qe3 Qf6 35. Bd4 e5 36. Bb2 Qd6 37. Qc3 Qd1+ 38. Kf2 Kf7 39. Qxe5 Qd2+ 40. Kf3 Qd1+ 41. Kg2 Qd2+ 42. Kh3 Qh6+ 43. Kg4 Qxh2 44. Qxc7+ Kf8 (44... Ke8 45. Qc8+ Ke7 46. Ba3+ Kf7 47. Qd7+) 45. Ba3+ Kg8 46. Qd8+ Kf7 47. Qe7+ Kg6 48. Qe6# 1-0

[Event "65..ITA Provinciale VE"]
[Site "Venezia Canal ITA"]
[Date "2005.02.05"]
[Round "1"]
[White "Vacarciuk, Daniel"]
[Black "Ballarin, Gabriele"]
[Result "0-1"]
[WhiteElo "1440"]
[BlackElo "1784"]
[Annotator "Gabriele Ballarin"]
[PlyCount "60"]
[EventDate "2005.02.07"]
[EventType "swiss"]
[EventRounds "6"]
[EventCountry "ITA"]

1. e4 c5 2. Bc4 Nc6 3. c3 Nf6 4. d3 Na5 5. Qa4 Nxc4 6. Qxc4 e6 7. d4 cxd4 8. Qxd4 b6 9. Nd2 Bc5 10. Qc4 Ng4 11. Nh3 a5 12. Qe2 Ne5 13. Qh5 Nd3+ 14. Ke2 Ba6 15. c4 Qf6 16. Kxd3 Bxc4+ 17. Nxc4 Qd4+ 18. Ke2 Qxc4+ 19. Ke1 Qxe4+ 20. Be3 Bxe3 21. fxe3 Qxe3+ 22. Qe2 Qc5 23. Ng5 Qxg5 24. Rf1 Rc8 25. Qa6 Qe3+ 26. Kd1 O-O 27. Rf3 Qg1+ 28. Rf1 Qd4+ 29. Ke1 Rc2 30. Rb1 Qd2# 0-1

[Event "65..ITA Provinciale VE"]
[Site "Venezia Canal ITA"]
[Date "2005.02.05"]
[Round "1"]
[White "Velluti, Alberto"]
[Black "Biserni, Federica"]
[Result "1-0"]
[WhiteElo "1853"]
[BlackElo "1440"]
[Annotator "Gabriele Ballarin"]
[PlyCount "35"]
[EventDate "2005.02.07"]
[EventType "swiss"]
[EventRounds "6"]
[EventCountry "ITA"]

1. e4 c6 2. d4 d5 3. Nc3 dxe4 4. Nxe4 Bf5 5. Ng3 Bg6 6. Nf3 Nf6 7. Bc4 Nbd7 8. c3 e6 9. Nh4 Be4 10. Qe2 Bd5 11. Bd3 c5 12. c4 Bxg2 13. Nxg2 cxd4 14. O-O Qc7 15. Bf4 Bd6 16. Bxd6 Qxd6 17. Nf5 Qf8 18. Nxd4 1-0

[Event "65..ITA Provinciale VE"]
[Site "Venezia Canal ITA"]
[Date "2005.02.06"]
[Round "2"]
[White "Ballarin, Gabriele"]
[Black "Rosino, Antonio"]
[Result "0-1"]
[WhiteElo "1784"]
[BlackElo "2285"]
[Annotator "Antonio Rosino"]
[PlyCount "124"]
[EventDate "2005.02.07"]
[EventType "swiss"]
[EventRounds "6"]
[EventCountry "ITA"]

1. b3 Nf6 2. Bb2 g6 3. f4 (3. e4 $5) 3... Bg7 4. Nf3 O-O 5. d3 d5 6. Nbd2 $2 Ng4 $1 7. Bxg7 Ne3 8. Qb1 Kxg7 9. Qb2+ Kg8 10. Kf2 Ng4+ 11. Ke1 c5 12. h3 Ne3 13. Kf2 d4 14. Nc4 Nd5 15. e4 $2 Nxf4 16. g3 Ne6 17. Bg2 Nc6 18. Raf1 Qc7 19. Qc1 b5 20. Nb2 Rb8 21. a4 a6 22. Qh6 f5 23. Ng5 Nxg5 24. Qxg5 Ne5 (24... fxe4+ $2 25. Ke2 $1 $18) 25. Ke2 c4 26. exf5 cxd3+ 27. cxd3 Qc3 $2 (27... Bxf5 $142) (27... Qc2+ 28. Qd2 Qxd2+ 29. Kxd2 Bxf5) 28. Bd5+ e6 29. fxe6 Qxb2+ 30. Kd1 Qb1+ 31. Ke2 $2 (31. Kd2 $1 Qxd3+ 32. Ke1 Qb1+ 33. Kd2 Qb2+ 34. Kd1) 31... Qc2+ 32. Qd2 Qxd2+ 33. Kxd2 Re8 34. Re1 Bxe6 35. Rxe5 Bxd5 36. Rxd5 bxa4 37. Rxd4 axb3 38. Rb1 b2 39. Ra4 Rf8 40. Ke3 Rfc8 41. Kd2 Rc6 42. Ra5 Rb3 43. Re5 Rd6 44. Re3 a5 45. Kc2 Rdb6 46. Re8+ Kf7 47. Ra8 R3b5 48. g4 g5 49. Rh8 Kg7 50. Ra8 Rf6 51. d4 Rf2+ 52. Kc3 Rf3+ 53. Kc4 Rb4+ 54. Kd5 a4 55. Rc8 a3 56. Re1 b1=Q 57. Re7+ Rf7 58. Rxf7+ Kxf7 59. Rc7+ Kg6 60. Rc6+ Kg7 61. Rc7+ Kh6 62. Rc6+ Qg6 0-1

[Event "65..ITA Provinciale VE"]
[Site "Venezia Canal ITA"]
[Date "2005.02.06"]
[Round "2"]
[White "Biserni, Federica"]
[Black "Marson, Luca"]
[Result "0-1"]
[WhiteElo "1440"]
[BlackElo "1987"]
[Annotator "Gabriele Ballarin"]
[PlyCount "28"]
[EventDate "2005.02.07"]
[EventType "swiss"]
[EventRounds "6"]
[EventCountry "ITA"]

1. e4 c5 2. Nf3 Nc6 3. d4 cxd4 4. Nxd4 Nf6 5. Nc3 e5 6. Nxc6 bxc6 7. Bc4 Be7 8. Be3 O-O 9. O-O d6 10. f3 Qa5 11. a3 Be6 12. b4 Qc7 13. Qe2 d5 14. Ba6 d4 0-1

[Event "65..ITA Provinciale VE"]
[Site "Venezia Canal ITA"]
[Date "2005.02.06"]
[Round "2"]
[White "Borghi, Bruno"]
[Black "Vacarciuk, Daniel"]
[Result "1-0"]
[WhiteElo "1628"]
[BlackElo "1440"]
[Annotator "Gabriele Ballarin"]
[PlyCount "47"]
[EventDate "2005.02.07"]
[EventType "swiss"]
[EventRounds "6"]
[EventCountry "ITA"]

1. e4 e5 2. Nf3 b5 3. Bxb5 Bb7 4. Nc3 a6 5. Ba4 Nc6 6. d3 Bb4 7. O-O Bxc3 8. bxc3 Nf6 9. Bxc6 Bxc6 10. Nxe5 Qe7 11. Nxc6 dxc6 12. Bg5 Qe5 13. Bxf6 Qxf6 14. Qd2 O-O 15. Rab1 Rfe8 16. Rb7 Re7 17. Rfb1 Qe6 18. c4 h6 19. f4 c5 20. Qf2 Qc6 21. f5 Ree8 22. Qf4 g5 23. Qxc7 Qxc7 24. Rxc7 1-0

[Event "65..ITA Provinciale VE"]
[Site "Venezia Canal ITA"]
[Date "2005.02.06"]
[Round "2"]
[White "Cattaruzzo, Nicolò"]
[Black "De Col, Daniele"]
[Result "0-1"]
[WhiteElo "1481"]
[BlackElo "1436"]
[Annotator "Gabriele Ballarin"]
[PlyCount "98"]
[EventDate "2005.02.07"]
[EventType "swiss"]
[EventRounds "6"]
[EventCountry "ITA"]

1. d4 d5 2. c4 Nf6 3. Nc3 e6 4. Bg5 Nbd7 5. e3 c6 6. Nf3 Qb6 7. Qc2 Bb4 8. Bd3 g6 9. O-O dxc4 10. Bxc4 Bd6 11. e4 e5 12. Bxf6 Nxf6 13. dxe5 Qc5 14. Bxf7+ Kxf7 15. exd6 Re8 16. e5 Nd5 17. Qb3 b6 18. Ne4 Qa5 19. Nf6 Rd8 20. Rad1 Kg7 21. Nxd5 cxd5 22. Qxd5 Qxd5 23. Rxd5 Bb7 24. Rdd1 Bxf3 25. gxf3 Kf7 26. Rfe1 Ke6 27. Rd4 Rf8 28. Kg2 Rf5 29. f4 g5 30. Rde4 Rc8 31. R1e2 gxf4 32. Kf3 Rcf8 33. a3 h5 34. b4 Rc8 35. a4 Rc3+ 36. Kg2 f3+ 37. Kf1 fxe2+ 38. Kxe2 Rc2+ 39. Kd3 Rfxf2 40. h4 Ra2 41. Kc4 a6 42. Kb3 Rg2 43. Rd4 Rad2 44. Re4 Rg3+ 45. Kc4 Rc2+ 46. Kd4 Rc1 47. Rf4 Rg4 48. Rxg4 hxg4 49. h5 g3 0-1

[Event "65..ITA Provinciale VE"]
[Site "Venezia Canal ITA"]
[Date "2005.02.06"]
[Round "2"]
[White "Lorenzini, Adriano"]
[Black "Pavon, Michele"]
[Result "1/2-1/2"]
[WhiteElo "1895"]
[BlackElo "1739"]
[Annotator "Gabriele Ballarin"]
[PlyCount "61"]
[EventDate "2005.02.07"]
[EventType "swiss"]
[EventRounds "6"]
[EventCountry "ITA"]

1. d4 d5 2. c4 c6 3. Nf3 Nf6 4. Nc3 e6 5. e3 Nbd7 6. Qc2 Bd6 7. g4 dxc4 8. Bxc4 Nb6 9. Bd3 Nbd5 10. a3 Nxc3 11. Qxc3 Nd5 12. Qc2 Qf6 13. Qe2 e5 14. e4 Nf4 15. Bxf4 Qxf4 16. dxe5 Bxg4 17. exd6 Bxf3 18. Qd2 Qxd2+ 19. Kxd2 Bxh1 20. Rxh1 f6 21. f4 g6 22. Kc3 Rf8 23. Re1 Kd7 24. e5 fxe5 25. fxe5 Rae8 26. Bf1 Rxf1 27. Rxf1 Rxe5 28. Rf7+ Kxd6 29. Rxh7 Re7 30. Rh6 Rg7 31. h4 1/2-1/2

[Event "65..ITA Provinciale VE"]
[Site "Venezia Canal ITA"]
[Date "2005.02.06"]
[Round "2"]
[White "Omeri, Silvan"]
[Black "Velluti, Alberto"]
[Result "1-0"]
[WhiteElo "1600"]
[BlackElo "1863"]
[Annotator "Gabriele Ballarin"]
[PlyCount "35"]
[EventDate "2005.02.07"]
[EventType "swiss"]
[EventRounds "6"]
[EventCountry "ITA"]

1. d4 Nf6 2. c4 e5 3. dxe5 Ng4 4. Qd4 h5 5. Nf3 Nc6 6. Qe4 Bb4+ 7. Nc3 Qe7 8. Bg5 Qe6 9. Bf4 Qe7 10. h3 Nh6 11. Qd3 b6 12. O-O-O Bxc3 13. Qxc3 Bb7 14. a3 O-O-O 15. Bg5 Qc5 16. Rd5 Qxf2 17. Bh4 Nb4 18. axb4 1-0

[Event "65..ITA Provinciale VE"]
[Site "Venezia Canal ITA"]
[Date "2005.02.06"]
[Round "2"]
[White "Vidal, Irene"]
[Black "Franco, Leopoldo"]
[Result "1-0"]
[WhiteElo "1440"]
[BlackElo "1480"]
[Annotator "Gabriele Ballarin"]
[PlyCount "93"]
[EventDate "2005.02.07"]
[EventType "swiss"]
[EventRounds "6"]
[EventCountry "ITA"]

1. e4 e6 2. d4 Nf6 3. Bd3 Be7 4. Nc3 O-O 5. Qf3 Ne8 6. Bd2 d6 7. e5 f6 8. exd6 Qxd6 9. Nge2 c5 10. Qe4 f5 11. Qe5 cxd4 12. Qxd6 Nxd6 13. Nxd4 Bf6 14. Nb3 Nc6 15. O-O-O a6 16. Rhe1 b5 17. Ne2 e5 18. Ng3 g6 19. Na5 Bd7 20. Nxc6 Bxc6 21. b3 Bxg2 22. Bb4 Rfd8 23. Bxd6 Bf3 24. Be2 Bg5+ 25. Kb1 Bxe2 26. Nxe2 e4 27. Nc3 Rac8 28. Bb4 Re8 29. Nd5 Bh4 30. Rd2 Kf7 31. Rde2 Red8 32. Nc3 Bf6 33. Rd1 Re8 34. Rd7+ Ke6 35. Rd6+ Kf7 36. Nd5 Be5 37. Rxa6 Bxh2 38. Ra7+ Ke6 39. Rxh7 Be5 40. Rd2 f4 41. Re7+ Rxe7 42. Nxe7 Rc7 43. Nxg6 e3 44. fxe3 fxe3 45. Re2 Kf5 46. Nxe5 Kxe5 47. Rxe3+ 1-0

[Event "65..ITA Provinciale VE"]
[Site "Venezia Canal ITA"]
[Date "2005.02.06"]
[Round "2"]
[White "You, Zi Chih Stefano"]
[Black "De Minico, Stefano"]
[Result "0-1"]
[WhiteElo "1646"]
[BlackElo "1912"]
[Annotator "Gabriele Ballarin"]
[PlyCount "62"]
[EventDate "2005.02.07"]
[EventType "swiss"]
[EventRounds "6"]
[EventCountry "ITA"]

1. f4 d5 2. Nf3 c5 3. e3 Nf6 4. b3 g6 5. Bb2 Bg7 6. Bb5+ Bd7 7. Qe2 a6 8. Bxd7+ Nbxd7 9. O-O O-O 10. d3 Re8 11. Nbd2 Qc7 12. Ne5 Nxe5 13. Bxe5 Qd7 14. h3 Nh5 15. Qf3 f6 16. Bb2 f5 17. Be5 Rac8 18. Rae1 b5 19. g4 fxg4 20. hxg4 Nf6 21. f5 g5 22. Rf2 Nxg4 23. Qxg4 Bxe5 24. Qxg5+ Kh8 25. Rg2 Rg8 26. Qh5 Rxg2+ 27. Kxg2 Rg8+ 28. Kf3 Rf8 29. Kg4 e6 30. Rf1 Rg8+ 31. Kh3 Qg7 0-1

[Event "65..ITA Provinciale VE"]
[Site "Venezia Canal ITA"]
[Date "2005.02.06"]
[Round "3"]
[White "De Col, Daniele"]
[Black "Vidal, Irene"]
[Result "1/2-1/2"]
[WhiteElo "1436"]
[BlackElo "1440"]
[Annotator "Gabriele Ballarin"]
[PlyCount "66"]
[EventDate "2005.02.07"]
[EventType "swiss"]
[EventRounds "6"]
[EventCountry "ITA"]

1. Nf3 d5 2. d4 Nc6 3. Nbd2 Bf5 4. a3 Nf6 5. c4 dxc4 6. Nxc4 e6 7. Bg5 h6 8. Bxf6 Qxf6 9. Nce5 Nxe5 10. Nxe5 O-O-O 11. Qa4 a6 12. e3 Rd6 13. Bxa6 bxa6 14. Qe8+ Qd8 15. Qxd8+ Rxd8 16. Nxf7 Bd6 17. Nxh8 Rxh8 18. O-O Kd7 19. Rfe1 Be4 20. Rac1 Rb8 21. f3 Bd3 22. b4 Ra8 23. Rc3 Bg6 24. e4 Bf4 25. Rd1 c6 26. d5 exd5 27. exd5 cxd5 28. Rxd5+ Ke6 29. Rd1 Kf7 30. g3 Be5 31. Rc6 Ra7 32. Rd5 Bf6 33. Kg2 Ke7 1/2-1/2